The carrier wave : New information technology and the geography of innovation, 1846-2003

Part one The Kondratieff waves; Part two The mechanical age: New IT in the second Kondratieff, 1846-95; Part three The electrical age: New IT in the third Kondratieff, 1896-1947

Guardat en:
Dades bibliogràfiques
Autor principal: Hall, Peter
Format: Llibre
Idioma:Undetermined
Publicat: London Unwin Hyman 1988
Matèries:
Etiquetes: Afegir etiqueta
Sense etiquetes, Sigues el primer a etiquetar aquest registre!
Thư viện lưu trữ: Trung tâm Học liệu Trường Đại học Cần Thơ
LEADER 00910nam a2200229Ia 4500
001 CTU_221899
008 210402s9999 xx 000 0 und d
020 |c 2.39 
082 |a 338.​06 
082 |b H174 
100 |a Hall, Peter 
245 4 |a The carrier wave : 
245 0 |b New information technology and the geography of innovation, 1846-2003 
245 0 |c Peter Hall, Paschal Preston 
260 |a London 
260 |b Unwin Hyman 
260 |c 1988 
520 |a Part one The Kondratieff waves; Part two The mechanical age: New IT in the second Kondratieff, 1846-95; Part three The electrical age: New IT in the third Kondratieff, 1896-1947 
650 |a Technological innovations,Đổi mới công nghệ 
650 |x Economic aspects,History,Lịch sử,Khía cạnh kinh tế 
904 |i Nguyễn An Khang,Hải 
980 |a Trung tâm Học liệu Trường Đại học Cần Thơ